000 00678 a2200193 4500
999 _c7980
_d7980
010 _aENG-88263
020 _a8180040100
_c245.00
035 _aEN-71796
037 _bDBAD / PUB
082 1 4 _a618.9200076
100 1 _aSanthosh Kumar, A.
245 1 _aPediatric digest for P.G. entrance:
_cby A. Santhosh Kumar
_bwith detailed explanations & thousands of useful points/
250 _a2nd ed (repr)
260 _aNew Delhi
_bAll India Publishers & Distributors
_c2006
270 _a4380/4B, Ansari Road, Darya Ganj,
_bNew Delhi
_e110 002
300 _a318p.
_c28cm (pbk )
_bb&w photos
500 _aIncludes index
942 _adpl
_cEN
_2ddc
_h618.9200076
_mSAN